Central Library OPAC University of Rajshahi

الاتقان فی علوم القرآن ;;al-Itaqan fi Ulum alquran / (Record no. 86508)

MARC details
000 -LEADER
fixed length control field 00586nam a2200205 4500
001 - CONTROL NUMBER
control field 86508
003 - CONTROL NUMBER IDENTIFIER
rucl marc code BD-RjUL
005 - DATE AND TIME OF LATEST TRANSACTION
control field 20260518143711.0
008 - FIXED-LENGTH DATA ELEMENTS--GENERAL INFORMATION
fixed length control field 260518s1982 pk ||||| |||| 00| 0 urd d
035 ## - SYSTEM CONTROL NUMBER
System control number (BD-RjUL)86508
040 ## - CATALOGING SOURCE
Original cataloging agency BD-RjUL
Language of cataloging eng
Transcribing agency BD-RjUL
041 ## - LANGUAGE CODE
Language code of text/sound track or separate title urs
082 ## - DEWEY DECIMAL CLASSIFICATION NUMBER
Edition number 23
Classification number 297.161
Author mark and year SUT 1982
245 14 - TITLE STATEMENT
Title الاتقان فی علوم القرآن ;;al-Itaqan fi Ulum alquran /
Statement of responsibility, etc. جلال الدین سیوطی ;; Jalaluddin Suuti
260 ## - PUBLICATION, DISTRIBUTION, ETC. (IMPRINT)
Place of publication, distribution, etc. Lahor :
Name of publisher, distributor, etc. Adara i Islamiah ,
Date of publication, distribution, etc. 1982
300 ## - PHYSICAL DESCRIPTION
Pagination V. ;
505 ## - FORMATTED CONTENTS NOTE
Formatted contents note Vol. 1
650 ## - SUBJECT ADDED ENTRY--TOPICAL TERM
Topical term or geographic name as entry element Islam
942 ## - ADDED ENTRY ELEMENTS (KOHA)
Source of classification or shelving scheme Dewey Decimal Classification
Koha item type Books
Holdings
Lost status Source of classification or shelving scheme Damaged status Not for loan Collection code Permanent Location Current Location Shelving location Date acquired Total Checkouts Full call number Date last seen Copy number Koha item type
  Dewey Decimal Classification   Not For Loan Non-fiction Central Library, University of Rajshahi Central Library, University of Rajshahi Reading Room 18/05/2026   U 297.161 SUT 1982 18/05/2026 C-1 Books